<?xml version="1.0" encoding="UTF-8"?><?xml-stylesheet type="text/xsl" href="static/style.xsl"?><OAI-PMH xmlns="http://www.openarchives.org/OAI/2.0/" xmlns:xsi="http://www.w3.org/2001/XMLSchema-instance" xsi:schemaLocation="http://www.openarchives.org/OAI/2.0/ http://www.openarchives.org/OAI/2.0/OAI-PMH.xsd"><responseDate>2026-04-27T20:19:27Z</responseDate><request verb="GetRecord" identifier="oai:uvadoc.uva.es:10324/69232" metadataPrefix="marc">https://uvadoc.uva.es/oai/request</request><GetRecord><record><header><identifier>oai:uvadoc.uva.es:10324/69232</identifier><datestamp>2025-02-11T17:49:39Z</datestamp><setSpec>com_10324_38</setSpec><setSpec>col_10324_852</setSpec></header><metadata><record xmlns="http://www.loc.gov/MARC21/slim" xmlns:doc="http://www.lyncode.com/xoai" xmlns:xsi="http://www.w3.org/2001/XMLSchema-instance" xmlns:dcterms="http://purl.org/dc/terms/" xsi:schemaLocation="http://www.loc.gov/MARC21/slim http://www.loc.gov/standards/marcxml/schema/MARC21slim.xsd">
<leader>00925njm 22002777a 4500</leader>
<datafield tag="042" ind1=" " ind2=" ">
<subfield code="a">dc</subfield>
</datafield>
<datafield tag="720" ind1=" " ind2=" ">
<subfield code="a">Fernández Herrera, Eduardo</subfield>
<subfield code="e">author</subfield>
</datafield>
<datafield tag="260" ind1=" " ind2=" ">
<subfield code="c">2024</subfield>
</datafield>
<datafield tag="520" ind1=" " ind2=" ">
<subfield code="a">El uso de las nuevas tecnologías siempre ha sido considerado algo más ameno en comparación con la manera tradicional de realizar cualquier tipo de labor en todos los aspectos de la sociedad. Estas nuevas tecnologías han ido evolucionando desde la creación del concepto como tal, alrededor de la década de los años 50, hasta el día de hoy con la inteligencia artificial. Por ello y por su reciente popularidad que ha puesto a la herramienta en el mapa, vamos a comprobar el objetivo del nacimiento de las IA y cómo ha llegado a usarse tanto en la sociedad como en la educación, poniendo especial énfasis en esto último, aunque no fuera el objetivo principal de su existencia</subfield>
</datafield>
<datafield tag="024" ind2=" " ind1="8">
<subfield code="a">https://uvadoc.uva.es/handle/10324/69232</subfield>
</datafield>
<datafield tag="245" ind1="0" ind2="0">
<subfield code="a">La IA en el sistema educativo: análisis de esta herramienta y los usos que tiene en la educación</subfield>
</datafield>
</record></metadata></record></GetRecord></OAI-PMH>